000 00627nam a2200193 i 4500
001 73612
003 ES-MaACL
005 20230906171853.0
007 t|
008 040909s1917 sp ||||1| spa d
100 1 _aGómez Llombart, Eduardo.
_958012
245 1 0 _aLabor parlamentaria
_b: semblanza /
_cEduardo Gómez Llombart ; prólogo de Luis de Armiñán.
260 _aMadrid :
_b[s.n.],
_c1917 (
_fR. Velasco)
300 _aVIII, 102 p., 1 lám. ;
_c23 cm.
500 _aLám. un retrato del autor.
700 1 _aArmiñán, Luis de,
_d1871-1949
_9155857
852 _aES-MaACL
_j1559-F-2
999 _c73612
_d73612